000 00420 a2200145 4500
999 _c9226
_d9226
020 _a9781787351905
050 _aGN357GLO2018
100 _aLedeneva, Alena
_eeditor
245 _aThe global encyclopedia of informality
_bVolume 2 /
_cedited by Alena Ledeneva
264 _aLondon
_bUCL Press
_c2018
300 _a538p.
500 _aIncludes index
650 _aEncyclopedia--- Informality
942 _2lcc
_cBK
_h357
_iGLO
_kGN